El castillo de lo insconsciente Antología de literatura fantástica
Saved in:
| Format: | Book |
|---|---|
| Published: |
México
Conaculta
2000
|
| Edition: | 1a.ed. |
| LEADER | 00383nam a22001217a 4500 | ||
|---|---|---|---|
| 003 | AR-BeUNQ | ||
| 005 | 20221003100024.0 | ||
| 245 | |a El castillo de lo insconsciente |b Antología de literatura fantástica |c Amado Nervo | ||
| 250 | |a 1a.ed. | ||
| 260 | |a México |b Conaculta |c 2000 | ||
| 929 | |a DONACION |b Margarita Pierini |d 50,00E |e 20170714 |g 3252 827-0387/98 |k Positiva |o PR | ||
| 942 | |c LIB | ||
| 999 | |c 36402 |d 120202 | ||